The Spain Quiz Stats

 Plays Quiz Updated Jun 20, 2018

Challenge
Share
Tweet
Embed
Score 0/50 Timer 07:00
2 Plays Today
Hint Answer % Correct
Primary Flag ColorRed
97.3%
Primary Flag ColorYellow
96.1%
CurrencyEuro (EUR)
93.2%
Capital CityMadrid
93.1%
Nationality (Demonym)Spanish
91.5%
Official LanguageCastilian Spanish
91.4%
ContinentEurope
91.3%
Bordering CountryFrance
91.1%
Lowest Point (0 m)Atlantic Ocean
90.8%
Bordering CountryPortugal
90.4%
Bordering OceanAtlantic Ocean
88.8%
Second Largest CityBarcelona
87.5%
Most Popular SportFootball (Soccer)
84.7%
Largest Religious DenominationRoman Catholic
83.4%
ContinentAfrica
79.7%
Drives on the...Right
77%
Internet Country Code.es
76.1%
Bordering CountryAndorra
74.2%
Bordering SeaMediterranean Sea
72.2%
Niña, Pinta, & the...Santa María
62.6%
Co-Founder of Cubism, ArtistPablo Picasso
61%
Bordering CountryMorocco
60.2%
Primary PeninsulaIberian Peninsula
57.3%
Olympic Host Year(s)1992
53.5%
Running of the Bulls CityPamplona
52.8%
Hint Answer % Correct
Third Largest CityValencia
50.1%
Bordering TerritoryGibraltar
48.3%
Ferdinand II and...Isabella I
46.7%
Official NameKingdom of Spain
41.8%
Former CurrencySpanish Peseta
39.1%
Largest IslandMajorca
37.9%
MonarchKing Felipe VI
37.4%
Largest CathedralCathedral of Seville
36.4%
World Cup Host Year(s)1982
34%
# of Autonomous Communities17
32.6%
Archipelago Autonomous CommunityCanary Islands
31.2%
Largest StadiumCamp Nou
30.8%
Prime MinisterPedro Sánchez
22.5%
Archipelago Autonomous CommunityBalearic Islands
21.7%
Bordering SeaBalearic Sea
21.4%
Columbus DayOctober 12, 1492
17.6%
Heir to the ThroneLeonor, Princess of Asturias
12.9%
Oldest Institution of Higher LearningUniversity of Salamanca
12.3%
National AnthemRoyal March
10%
Longest RiverTagus River
9.8%
Largest Autonomous CommunityCastile and León
9.7%
Official MottoFurther Beyond
9.4%
Highest Point (3,718 m)Pico de Teide
9.2%
Bordering SeaAlboran Sea
4.1%
Largest LakeSanabria Lake
3%

You're not logged in!

Compare scores with friends on all Sporcle quizzes.
Join for Free
OR
Log In

You Might Also Like...

Show Comments

Extras

Top Quizzes Today


Score Distribution

Your Account Isn't Verified!

In order to create a playlist on Sporcle, you need to verify the email address you used during registration. Go to your Sporcle Settings to finish the process.

Report this User

Report this user for behavior that violates our Community Guidelines.

Details: